Waterscapes : (Registro nro. 21854)

Detalles MARC
000 -Cabecera
Campo de control interno 00944nam a2200265Ia 4500
005 - Fecha y hora del registro
control field 20260320113318.0
008 - Elementos de Longitud Fija
fixed length control field 260320s9999||||xx |||||||||||||| ||und||
020 ## - ISBN
ISBN 9788425218866
041 ## - Idioma
Codigo Idioma Ingles-Español
082 ## - DEWEY y NOTACIÓN INTERNA
Dewey 628.1682
Notación Interna I493
100 ## - AUTOR
Autor denominación Izembart, Hélène,
Término de relación autor
245 #0 - TÍTULO DE MATERIAL BIBLIOGRÁFICO
Título Waterscapes :
Título paralelo el tratamiento de aguas residuales mediante sistemas vegetales
246 ## - TÍTULO TRADUCIDO
Título
Título paralelo
Autor
250 ## - EDICIÓN
Edición Primera edición, tercera tirada
260 ## - CIUDAD, EDITORIAL, AÑO
Ciudad Barcelona :
Nombre de la Editorial Gustavo Gili,
Año 2008
300 ## - DESCRIPCIÓN
N° Páginas 192 páginas :
Otros detalles ilustraciones, fotografías ;
Dimensiones 21 cm.
Material Adicional
440 ## - MENCIÓN DE SERIE
Título de la Serie (Land & scape series)
Número de Serie
Volumen de Serie
650 ## - TEMAS
Temas Tecnología (Ciencias Aplicadas)
653 ## - DESCRIPTORES
Lenguajes no controlado Tratamiento de aguas residuales; Purificación de agua; Estanques de sedimentación
654 ## - PROGRAMAS
Programa Dpto. de Ingeniería Civil
700 ## - OTROS AUTORES
Otros autores Le Boudec, Bertrand,
Títulos y otras palabras asociadas con el nombre autor
856 ## - URL - UBICACIÓN
URI/URL: Enlace exacto del recurso <a href="https://research-ebsco-com.ucsp.lookproxy.com/c/qxo6us/search">https://research-ebsco-com.ucsp.lookproxy.com/c/qxo6us/search</a>
Nota pública: Versión digital <a href="Véase además: Base de datos EBSCOhost">Véase además: Base de datos EBSCOhost</a>
942 ## - ELEMENTOS DE KOHA
Tipo de documento Libro
Nombre del creador Justo Noguera
Código de catalogador Margarita Torres
Esquema de clasificación Dewey Decimal Classification
Suppress in OPAC
Existencias
Codigo completo Registro Colección Copia número Disponibilidad Tipo de préstamo Biblioteca Actual Procedencia (Biblioteca) Ubicacón Fecha Ingreso Tipo de Adquisición Observación Date last seen Total checkouts Price effective from Tipo de Item Estado del Material Fuente de Clasificación Damaged status Withdrawn status
628.1682 I493 1085958 Universidad Católica San Pablo 1 Disponible Disponible Víctor Andrés Belaunde Víctor Andrés Belaunde Segundo piso 10/03/2026 Compra Ingeniería Ambiental 20/03/2026   20/03/2026 Libro Bueno Dewey Decimal Classification